000 00721nam a2200217Ia 4500
001 13808
003 GE_BSU
008 181216s||||||||xx |||||||||||||| ||und||
040 _cGE_BSU
080 _a628.8(035.5)
245 _aОтопление, вентиляция, кондиционирование воздуха.
245 _bСправочное руководство.
245 _cПод общей ред. И.Г.Староверова.
260 _aМ.
260 _bГосстройиздат.
260 _c1963.
300 _a340 стр. 30 см.
300 _eчертеж.
653 _aОтопление, вентиляция, кондиционирование воздуха.
942 _cBK
999 _c46954
_d46954